000 00622nam a2200241Ia 4500
003 OSt
005 20220928104806.0
006 a|||||r|||| 00| 0
007 ta
008 220927b |||||||| |||| 00| 0 eng d
024 _a120440
037 _cTextual
040 _aSDCL
_cSDCL
_beng
041 _2eng
_aeng
082 _a2:51N3, N0
100 _aSingh Sewa
_9412094
245 0 _aA practical manual of colan classifition.
250 _a7
260 _aBombay
_bJaico Publishing House
_c1990
300 _a305p.
_ccm.
942 _h2:51N3, N0
_cTEXL
_2CC
999 _c727818
_d727818